000 01329nam a2200337 c 4500
003 BLK
005 20250603100816.0
008 180408b bul|||||r ||||||| ||bul||
010 _aKNG00048140000
040 _aBLK
041 _aBUL
_cBUL
080 _aНемска литература
_b821.112.2
_x-312.4
_z821.112.2-312.4
100 1 _aЗюскинд, Патрик
_eпърви автор
_970367
700 1 _aСимова, Юрия Борисова
_eпрев. от нем.
_9246563
700 1 _aВлашки, Младен Цветанов
_eпредг. от
_9364905
139 _aЗюскинд, Патрик
_bЗ 98
245 1 0 _aПарфюмът
_bИсторията на един убиец : Роман
_cПатрик Зюскинд; прев. от нем. Юрия Борисова Симова; предг. от Младен Цветанов Влашки.
257 _aDEU
260 Пловдив
_bХристо Г. Данов
_c1988
300 _a239 с.
_c20 см
380 _aX
500 _aОриг. загл. Das Parfum / Patrick Suskind.
653 _aкрими
653 _aромани
852 _aЦб 152221
856 4 _qpdf
_u
856 4 _qpdf
_u
942 _cKNG
_n0
_011
944 _aCR
_c09.02.2005
_lЦветомила Тодорова
_k30576
944 _aED
_c12.08.2011
_lф /
_k
999 _c44373
_d44373